000 00831nam a2200217Ia 4500
005 20241129110216.0
008 241129s9999||||xx |||||||||||||| ||und||
020 _a978-93-91034-33-7
037 _aTB
040 _aARTS
_bhin
_cARTS
041 _ahin
_2hin
084 _aV2y7N10 152R2
_qARTS
100 _aपांडेय, व्रज कुमार, ले.
_9157333
245 0 _aराम मनोहर लोहिया का सामाजिक और सांस्कृतिक चिन्तन
_cपांडेय, व्रज कुमार, ले.
260 _aदिल्ली, भारत
_bअनुज्ञा बुक्स
_c2020
300 _a107पृ0
365 _aINR
_b195
650 _aHistory-India
942 _cTB
_hV2y7N10 152R2
999 _c1227727
_d1227727